[Event "Stay Safe Play From Home 290"]
[Site "Emanuel Lasker Arena"]
[Date "2020.07.09"]
[Round "9"]
[White "Fischer_11"]
[Black "SoulofWolf"]
[Result "0-1"]
[WhiteElo "2118"]
[BlackElo "2250"]
[Annotator "NA"]
[PlyCount "112"]
[EventDate "2020.07.09"]
[EventType "swiss (blitz)"]

1. e4 {[%emt 0:00:01]} d5 {[%emt 0:00:00]} 2. a3 {[%emt 0:00:01]} dxe4 {[%emt 0:00:01]} 3. Nc3 {[%emt 0:00:00]} Nf6 {[%emt 0:00:00]} 4. Qe2 {[%emt 0:00:00]} Bf5 {[%emt 0:00:01]} 5. Qb5+ {[%emt 0:00:01]} Bd7 {[%emt 0:00:01]} 6. Qxb7 {[%emt 0:00:01]} Nc6 {[%emt 0:00:00]} 7. Nb5 {[%emt 0:00:02]} Rc8 {[%emt 0:00:02]} 8. Nxa7 {[%emt 0:00:01]} Nxa7 {[%emt 0:00:01]} 9. Qxa7 {[%emt 0:00:00]} g6 {[%emt 0:00:01]} 10. f3 {[%emt 0:00:03]} Bg7 {[%emt 0:00:00] Fischer_11 bietet Remis} 11. Qe3 {[%emt 0:00:03]} exf3 {[%emt 0:00:01]} 12. Nxf3 {[%emt 0:00:00]} O-O {[%emt 0:00:00]} 13. Bc4 {[%emt 0:00:02]} Rb8 {[%emt 0:00:03]} 14. O-O {[%emt 0:00:02]} Bc6 {[%emt 0:00:00]} 15. c3 {[%emt 0:00:02]} Ba8 {[%emt 0:00:01]} 16. d4 {[%emt 0:00:01]} Qd6 {[%emt 0:00:01]} 17. Qf4 {[%emt 0:00:02]} Qc6 {[%emt 0:00:01]} 18. Bd3 {[%emt 0:00:03]} Nh5 {[%emt 0:00:02]} 19. Qg4 {[%emt 0:00:02]} f5 {[%emt 0:00:04]} 20. Qh3 {[%emt 0:00:02]} Nf6 {[%emt 0:00:02]} 21. Ne5 {[%emt 0:00:01]} Qb7 {[%emt 0:00:01]} 22. Nd7 {[%emt 0:00:02]} Nxd7 {[%emt 0:00:01]} 23. Be2 {[%emt 0:00:02]} Nf6 {[%emt 0:00:05]} 24. Bc4+ {[%emt 0:00:02]} Kh8 {[%emt 0:00:02]} 25. Be2 {[%emt 0:00:00]} c6 {[%emt 0:00:01]} 26. Bf3 {[%emt 0:00:01]} Qc8 {[%emt 0:00:01]} 27. Bg5 {[%emt 0:00:01]} f4 {[%emt 0:00:01]} 28. Bxf4 {[%emt 0:00:02]} Qxh3 {[%emt 0:00:01]} 29. gxh3 {[%emt 0:00:00]} Nd5 {[%emt 0:00:02]} 30. Bxb8 {[%emt 0:00:01]} Rxb8 {[%emt 0:00:03]} 31. Bxd5 {[%emt 0:00:06]} cxd5 {[%emt 0:00:00]} 32. b4 {[%emt 0:00:00]} Bf6 {[%emt 0:00:01]} 33. a4 {[%emt 0:00:01]} Bc6 {[%emt 0:00:01]} 34. a5 {[%emt 0:00:00]} Bd7 {[%emt 0:00:00]} 35. a6 {[%emt 0:00:01]} Ra8 {[%emt 0:00:01]} 36. a7 {[%emt 0:00:01]} Bb5 {[%emt 0:00:01]} 37. Rfe1 {[%emt 0:00:02]} Kg7 {[%emt 0:00:01]} 38. Re6 {[%emt 0:00:00]} Kf7 {[%emt 0:00:01]} 39. Rb6 {[%emt 0:00:00]} Bd7 {[%emt 0:00:01]} 40. Rb8 {[%emt 0:00:01]} Rxa7 {[%emt 0:00:01]} 41. Rxa7 {[%emt 0:00:00]} Bf5 {[%emt 0:00:00]} 42. Rbb7 {[%emt 0:00:00]} Bxd4+ {[%emt 0:00:01]} 43. Kg2 {[%emt 0:00:00]} Be3 {[%emt 0:00:00]} 44. Kf3 {[%emt 0:00:01]} Bc1 {[%emt 0:00:01]} 45. Kg3 {[%emt 0:00:00]} Be4 {[%emt 0:00:00]} 46. Rxe7+ {[%emt 0:00:02]} Kf6 {[%emt 0:00:02]} 47. Rxe4 {[%emt 0:00:00]} dxe4 {[%emt 0:00:01]} 48. Kf2 {[%emt 0:00:01]} e3+ {[%emt 0:00:01]} 49. Ke2 {[%emt 0:00:01]} Ke5 {[%emt 0:00:01]} 50. Rb7 {[%emt 0:00:00]} Kd5 {[%emt 0:00:01]} 51. c4+ {[%emt 0:00:00]} Kc6 {[%emt 0:00:00]} 52. Re7 {[%emt 0:00:00]} Kd6 {[%emt 0:00:01]} 53. Rxh7 {[%emt 0:00:00]} g5 {[%emt 0:00:01]} 54. Rg7 {[%emt 0:00:00]} g4 {[%emt 0:00:00]} 55. Rg6+ {[%emt 0:00:00]} Ke5 {[%emt 0:00:01]} 56. Rxg4 {[%emt 0:00:00]} Kf5 {[%emt 0:00:01]} 0-1

[Event "Stay Safe Play From Home 290"]
[Site "Emanuel Lasker Arena"]
[Date "2020.07.09"]
[Round "9"]
[White "Lazieri3"]
[Black "Eidgenosse"]
[Result "0-1"]
[WhiteElo "2062"]
[BlackElo "2471"]
[Annotator "TA"]
[PlyCount "116"]
[EventDate "2020.07.09"]
[EventType "swiss (blitz)"]

{[%evp 9,116,-12,-4,-16,-12,-16,-14,-28,-7,-17,-11,-22,0,-23,25,-3,0,-13,-8,-14,64,0,17,14,33,33,49,7,37,44,45,41,53,35,257,253,284,254,260,249,254,236,303,313,325,318,323,318,413,417,417,408,427,392,527,514,579,576,575,558,653,621,816,816,1061,844,985,983,1623,1510,1468,1448,1329,1130,1297,847,956,920,734,711,1468,1467,2360,2258,1931,1572,5920,6258,3355,2967,29986,29983,29983,29983,29983,29984,29984,29985,29985,29984,29984,29970,29970,29971,29975,0,0,0,5189]} 1. e4 d6 2. Nc3 Nf6 3. d3 c5 4. Nf3 g6 5. Be3 Bg7 6. Qd2 {B50: Sicilian: 2...d6, Miscellaneous.} Ng4 7. Bf4 Nc6 8. h3 {[#]} Nf6 $146 ({Predecessor:} 8... Nge5 9. Nxe5 Nxe5 10. Be2 h6 11. g4 Bd7 12. Be3 Nc6 13. O-O-O b5 14. Nxb5 Rb8 {0-1 (23) Ilic,I-Djordjevic,Z Bela Crkva 1983}) 9. Bh6 Bxh6 10. Qxh6 Be6 11. Ng5 Qd7 12. Nxe6 (12. O-O-O {seems wilder.} Nd4 13. Kb1 O-O-O 14. f4 Qe8 15. Qh4) 12... Qxe6 13. Be2 Nd4 14. Qd2 O-O {[#]} (14... d5 $11) 15. O-O (15. Bg4 $1 $14 {[%mdl 512]} Nxg4 16. hxg4) 15... Qd7 16. f4 Nxe2+ 17. Qxe2 Nh5 {next ...Ng3 is good for Black.} 18. Qg4 Qxg4 (18... f5 {with more complications.} 19. Qh4 e6 20. exf5 exf5 21. Nd5 Qg7) 19. hxg4 Nf6 20. g5 $36 {[%mdl 2048] White has the initiative.} Nd7 21. Nd5 Rfe8 $2 (21... Rae8 $14) 22. Nc7 $1 $18 {[%csl LRa8,LRe8][%mdl 64] [#] Double Attack} e6 23. Nxa8 Rxa8 {[%mdl 4096] Endgame KRR-KRN} 24. a3 Rc8 25. g4 Nb6 26. Kg2 Na4 27. Rab1 c4 28. d4 c3 29. b3 Nb6 30. Rbd1 Kf8 31. Rd3 Ke7 32. Rff3 d5 33. e5 Rh8 34. Rxc3 Kd7 35. a4 a5 36. Rc5 h6 37. Rxa5 hxg5 38. fxg5 Kc6 39. Rxf7 {[%csl Gd4][%cal Ra5c5]} Nd7 40. b4 {[%cal Bb3b4,Bb4b5][%mdl 32]} Rh4 41. b5+ Kb6 42. Rxd7 Kxa5 {KR-KR} 43. Kg3 Rh1 44. Rxb7 Rd1 45. Ra7+ Kb6 46. Ra6+ Kb7 47. a5 Rxd4 48. Rb6+ Kc7 49. Rxe6 Rc4 50. Re7+ Kd8 51. Rg7 Rc3+ 52. Kf2 Rxc2+ 53. Ke3 Rc5 54. Kd4 Rxb5 55. e6 Rxa5 56. Ke5 d4+ 57. Kd6 $2 (57. Kf6 {mates} Ra6 58. Rg8+ Kc7 59. Kf7 Kb6 60. e7 Ra7 61. Kf6 Kc5 62. e8=Q Ra6+ 63. Kf7 Ra7+ 64. Kxg6) 57... Ra6+ $11 58. Ke5 $2 {[%mdl 8192]} (58. Kd5 $11 d3 59. Rd7+ (59. Rxg6 $2 d2 $19) 59... Ke8 60. Ke5) 58... Ra5+ $1 {[%mdl 32768] Accuracy: White = 82%, Black = 50%. . Loss on time!?} 0-1

[Event "Stay Safe Play From Home 290"]
[Site "Emanuel Lasker Arena"]
[Date "2020.07.09"]
[Round "9"]
[White "Klasman"]
[Black "Tartak"]
[Result "0-1"]
[WhiteElo "1392"]
[BlackElo "1751"]
[Annotator "NA RC"]
[PlyCount "50"]
[EventDate "2020.07.09"]
[EventType "swiss (blitz)"]

1. f4 {[%emt 0:00:02]} e6 {[%emt 0:00:01]} 2. c4 {[%emt 0:00:02]} d5 {[%emt 0:00:01]} 3. cxd5 {[%emt 0:00:01]} exd5 {[%emt 0:00:00]} 4. d4 {[%emt 0:00:01]} Nf6 {[%emt 0:00:01]} 5. Nf3 {[%emt 0:00:01]} Nc6 {[%emt 0:00:01]} 6. e3 {[%emt 0:00:01]} Bd6 {[%emt 0:00:01]} 7. Nc3 {[%emt 0:00:03]} Bg4 {[%emt 0:00:01]} 8. Bb5 {[%emt 0:00:02]} O-O {[%emt 0:00:02]} 9. Bxc6 {[%emt 0:00:03]} bxc6 {[%emt 0:00:01]} 10. O-O {[%emt 0:00:01]} Rb8 {[%emt 0:00:01]} 11. h3 {[%emt 0:00:01]} Bf5 {[%emt 0:00:02]} 12. Ne5 {[%emt 0:00:04]} Ne4 {[%emt 0:00:02]} 13. Nxc6 {[%emt 0:00:03]} Qh4 {[%emt 0:00:01]} 14. Nxb8 {[%emt 0:00:05]} Rxb8 {[%emt 0:00:01]} 15. Nxe4 {[%emt 0:00:02]} Bxe4 {[%emt 0:00:02]} 16. Qg4 {[%emt 0:00:01]} Qe7 {[%emt 0:00:02]} 17. f5 {[%emt 0:00:03]} f6 {[%emt 0:00:08]} 18. h4 {[%emt 0:00:03]} c5 {[%emt 0:00:02]} 19. h5 {[%emt 0:00:02]} cxd4 {[%emt 0:00:02]} 20. exd4 {[%emt 0:00:01]} a5 {[%emt 0:00:02]} 21. h6 {[%emt 0:00:01]} g5 {[%emt 0:00:03]} 22. fxg6 {[%emt 0:00:02]} Bxg6 {[%emt 0:00:01]} 23. Bf4 {[%emt 0:00:04]} Bxf4 {[%emt 0:00:02]} 24. Qxf4 {[%emt 0:00:03]} Rxb2 {[%emt 0:00:01]} 25. Qxf6 {[%emt 0:00:02]} Qe3+ {[%emt 0:00:02] Time (Lag: Av=0.67s, max=0.8s)} 0-1